000 00700nam a2200289Ia 4500
005 20260324113656.0
008 008 260324s9999 xx 000 0 eng d
020 _a9780429340239
037 _aEBOOK
040 _aCRL
040 _beng
040 _cCRL
041 _2eng
041 _aeng
084 _qCRL
100 _aJoy Harcup; Helen Hopper
_91147722
245 4 _aThe Art and Psychology of Board Relationships
245 4 _bThe Secret Life of Boards
260 _bTaylor and Francis
260 _c2023
365 _a
365 _b205
856 _uhttp://www.taylorfrancis.com/books/9780429340239
942 _cEBOOK
999 _c1737500
_d1737500